[Event "Tradewise Gibraltar Masters 16th"]
[Site "Gibraltar"]
[Date "2018.01.26"]
[Round "4.56"]
[White "Kollars, Dmitrij"]
[Black "Oglaza, Oskar"]
[Result "1-0"]
[WhiteElo "2505"]
[BlackElo "2245"]
[PlyCount "57"]
[EventDate "2018.01.23"]
[EventType "swiss"]
[EventRounds "10"]
[EventCountry "GGB"]
[SourceTitle "BritBase"]
[Source "www.saund.co.uk"]
[SourceDate "2018.02.10"]
[SourceVersion "1"]
[SourceVersionDate "2018.02.10"]
[SourceQuality "1"]

1. e4 c5 2. Nf3 d6 3. d4 cxd4 4. Nxd4 Nf6 5. Nc3 a6 6. Be2 e6 7. g4 d5 8. exd5
Nxd5 9. Nxd5 Qxd5 10. Bf3 Qe5+ 11. Be3 Be7 12. Qd2 Bg5 13. O-O-O Bxe3 14. fxe3
O-O 15. h4 Ra7 16. g5 b5 17. h5 Bb7 18. h6 g6 19. Rhf1 Bxf3 20. Nxf3 Qc5 21. e4
Rd7 22. Qf4 Rc8 23. c3 b4 24. Qf6 Qf8 25. Ne5 Rxd1+ 26. Rxd1 bxc3 27. b4 a5 28.
Rd7 axb4 29. Rb7 1-0

[Event "Tradewise Gibraltar Masters 16th"]
[Site "Gibraltar"]
[Date "2018.01.26"]
[Round "4.57"]
[White "Richards, Heather S"]
[Black "Gunina, Valentina"]
[Result "0-1"]
[WhiteElo "2223"]
[BlackElo "2502"]
[PlyCount "70"]
[EventDate "2018.01.23"]
[EventType "swiss"]
[EventRounds "10"]
[EventCountry "GGB"]
[SourceTitle "BritBase"]
[Source "www.saund.co.uk"]
[SourceDate "2018.02.10"]
[SourceVersion "1"]
[SourceVersionDate "2018.02.10"]
[SourceQuality "1"]

1. e4 e5 2. Nc3 Nf6 3. g3 Bc5 4. Bg2 c6 5. Nf3 d5 6. Nxe5 dxe4 7. Qe2 O-O 8. h3
Qd4 9. Nc4 b5 10. Na5 Bb6 11. Nb3 Qd6 12. a4 b4 13. a5 Bc7 14. Nxe4 Nxe4 15.
Qxe4 f5 16. Qe3 Bd7 17. O-O f4 18. Qc5 f3 19. Qxd6 Bxd6 20. Bh1 Bxh3 21. Rd1
Nd7 22. Kh2 Bg4 23. d4 Rae8 24. Be3 h5 25. Rd3 h4 26. Nc5 hxg3+ 27. fxg3 Nf6
28. Bf4 Re2+ 29. Kg1 Bxf4 30. gxf4 f2+ 31. Kf1 Rfe8 32. Rdd1 Bh3+ 33. Bg2 Ng4
34. Bxh3 Nh2+ 35. Kg2 f1=Q+ 0-1

[Event "Tradewise Gibraltar Masters 16th"]
[Site "Gibraltar"]
[Date "2018.01.26"]
[Round "4.58"]
[White "Weisbuch, Udi"]
[Black "Christiansen, Johan-Sebastian"]
[Result "0-1"]
[WhiteElo "2177"]
[BlackElo "2492"]
[PlyCount "106"]
[EventDate "2018.01.23"]
[EventType "swiss"]
[EventRounds "10"]
[EventCountry "GGB"]
[SourceTitle "BritBase"]
[Source "www.saund.co.uk"]
[SourceDate "2018.02.10"]
[SourceVersion "1"]
[SourceVersionDate "2018.02.10"]
[SourceQuality "1"]

1. e4 e6 2. d4 d5 3. Nd2 Be7 4. c3 c5 5. dxc5 Nf6 6. Bd3 O-O 7. Qe2 a5 8. Ngf3
Na6 9. e5 Nd7 10. Nb3 Naxc5 11. Nxc5 Nxc5 12. Bb5 a4 13. O-O Bd7 14. Rd1 Qc7
15. Be3 a3 16. b3 Bxb5 17. Qxb5 Ne4 18. Bd4 f6 19. Rac1 Rac8 20. c4 fxe5 21.
Bxe5 Bd6 22. Bxd6 Qxd6 23. Qxb7 g5 24. cxd5 Nc3 25. Nd4 Rc7 26. Nb5 Qf4 27.
Qxc7 Qxf2+ 28. Kh1 Nxd1 29. h3 Ne3 30. Rg1 exd5 31. Qe5 Qf4 32. Qxf4 gxf4 33.
Nxa3 Ra8 34. Nb5 Rxa2 35. Nd4 Rd2 36. Nf3 Rb2 37. Nd4 Rf2 38. b4 Rb2 39. g3
Rxb4 40. gxf4+ Kf7 41. Nf3 Rxf4 42. Ng5+ Ke7 43. Nxh7 d4 44. Rg7+ Kd6 45. Rg8
Kd5 46. Ng5 d3 47. Rd8+ Kc4 48. Ne6 Rf5 49. Nd4 Rf1+ 50. Kh2 d2 51. Nc2 Rf2+
52. Kg3 Rg2+ 53. Kf3 Nxc2 0-1

[Event "Tradewise Gibraltar Masters 16th"]
[Site "Gibraltar"]
[Date "2018.01.26"]
[Round "4.59"]
[White "Perez Garcia, Rodney Oscar"]
[Black "Iturrizaga Bonelli, Eduardo"]
[Result "1/2-1/2"]
[WhiteElo "2320"]
[BlackElo "2650"]
[PlyCount "61"]
[EventDate "2018.01.23"]
[EventType "swiss"]
[EventRounds "10"]
[EventCountry "GGB"]
[SourceTitle "BritBase"]
[Source "www.saund.co.uk"]
[SourceDate "2018.02.10"]
[SourceVersion "1"]
[SourceVersionDate "2018.02.10"]
[SourceQuality "1"]

1. e4 c5 2. Nf3 Nc6 3. Bb5 g6 4. O-O Bg7 5. Re1 e5 6. Bxc6 bxc6 7. c3 Ne7 8. d4
cxd4 9. cxd4 exd4 10. Nxd4 O-O 11. Nc3 Rb8 12. Nb3 d5 13. Be3 a5 14. Bc5 Re8
15. exd5 Nxd5 16. Rxe8+ Qxe8 17. Nxd5 cxd5 18. Bd4 Qe4 19. Bxg7 Kxg7 20. Qd2
Qb4 21. Qxd5 Rb5 22. Qc6 Be6 23. Nd4 Re5 24. Qc3 Qxc3 25. bxc3 Kf6 26. f3 Re3
27. Rc1 Bxa2 28. Ra1 Be6 29. Nxe6 Kxe6 30. Rxa5 Rxc3 31. Kf2 1/2-1/2

[Event "Tradewise Gibraltar Masters 16th"]
[Site "Gibraltar"]
[Date "2018.01.26"]
[Round "4.60"]
[White "Bosiocic, Marin"]
[Black "Hemant, Sharma (Del)"]
[Result "0-1"]
[WhiteElo "2628"]
[BlackElo "2348"]
[PlyCount "80"]
[EventDate "2018.01.23"]
[EventType "swiss"]
[EventRounds "10"]
[EventCountry "GGB"]
[SourceTitle "BritBase"]
[Source "www.saund.co.uk"]
[SourceDate "2018.02.10"]
[SourceVersion "1"]
[SourceVersionDate "2018.02.10"]
[SourceQuality "1"]

1. e4 c5 2. Nc3 d6 3. Bc4 Nf6 4. d3 Nc6 5. f4 a6 6. Nf3 b5 7. Bb3 e6 8. O-O b4
9. Ne2 Be7 10. e5 dxe5 11. fxe5 Ng4 12. Qe1 Ngxe5 13. Nxe5 Nxe5 14. Qg3 Bf6 15.
Be3 Qe7 16. d4 Ng6 17. d5 exd5 18. Bxd5 Bb7 19. Bxb7 Qxb7 20. Bxc5 Rc8 21. Rf5
Be7 22. Bd4 O-O 23. Qb3 Qe4 24. Qd3 Qxd3 25. cxd3 Rc2 26. Kf1 Rd8 27. Ra5 Nh4
28. Rxa6 Nxg2 29. Bf2 Rxb2 30. Nd4 Bh4 31. Bg1 h6 32. Rc1 Bf6 33. Rc4 Nf4 34.
Be3 Rb1+ 35. Kf2 Nxd3+ 36. Ke2 Ne5 37. Rc2 Ng4 38. Nf5 Re8 39. Kd3 Nxe3 40.
Nxe3 b3 0-1

[Event "Tradewise Gibraltar Masters 16th"]
[Site "Gibraltar"]
[Date "2018.01.26"]
[Round "4.61"]
[White "Bellon Lopez, Juan Manuel"]
[Black "Georgiev, Kiril"]
[Result "1/2-1/2"]
[WhiteElo "2334"]
[BlackElo "2623"]
[PlyCount "89"]
[EventDate "2018.01.23"]
[EventType "swiss"]
[EventRounds "10"]
[EventCountry "GGB"]
[SourceTitle "BritBase"]
[Source "www.saund.co.uk"]
[SourceDate "2018.02.10"]
[SourceVersion "1"]
[SourceVersionDate "2018.02.10"]
[SourceQuality "1"]

1. d4 d5 2. c4 e6 3. Nc3 Nf6 4. Bg5 Be7 5. e3 O-O 6. Nf3 h6 7. Bh4 b6 8. Rc1
Bb7 9. cxd5 Nxd5 10. Nxd5 Bxd5 11. Bxe7 Qxe7 12. a3 Rc8 13. Bc4 Bb7 14. O-O c5
15. Bb5 a6 16. Be2 Nd7 17. dxc5 Rxc5 18. Rxc5 Nxc5 19. Qd4 Rd8 20. Qb4 Rd6 21.
Rd1 a5 22. Qf4 Rxd1+ 23. Bxd1 Bxf3 24. Bxf3 Qd8 25. b4 Nd3 26. Qe4 axb4 27.
axb4 Qd6 28. b5 g6 29. Be2 Nc5 30. Qa8+ Kg7 31. Qa1+ Kg8 32. Qa8+ Qf8 33. Qa1
Qd8 34. Qb2 Ne4 35. Bf3 Qd3 36. Qa1 Nc3 37. h4 e5 38. Qa8+ Kg7 39. Qa1 Kf6 40.
g3 h5 41. Bc6 Qd2 42. Qa8 Nd1 43. Qh8+ Ke7 44. Qe8+ Kf6 45. Qh8+ 1/2-1/2

[Event "Tradewise Gibraltar Masters 16th"]
[Site "Gibraltar"]
[Date "2018.01.26"]
[Round "4.62"]
[White "Donchenko, Alexander"]
[Black "Quillan, Gary"]
[Result "1-0"]
[WhiteElo "2580"]
[BlackElo "2340"]
[PlyCount "83"]
[EventDate "2018.01.23"]
[EventType "swiss"]
[EventRounds "10"]
[EventCountry "GGB"]
[SourceTitle "BritBase"]
[Source "www.saund.co.uk"]
[SourceDate "2018.02.10"]
[SourceVersion "1"]
[SourceVersionDate "2018.02.10"]
[SourceQuality "1"]

1. d4 e6 2. c4 d5 3. Nf3 c5 4. cxd5 exd5 5. g3 Nc6 6. Bg2 Nf6 7. O-O Be7 8.
dxc5 Bxc5 9. a3 O-O 10. b4 Be7 11. Nc3 Bg4 12. h3 Be6 13. Bb2 Qd7 14. Kh2 Rad8
15. e3 Ne4 16. Ne2 a6 17. Nf4 Bd6 18. Nd4 Ne5 19. Rc1 Nf6 20. Kg1 b5 21. Nb3
Qe7 22. Na5 Rc8 23. Bxe5 Bxe5 24. Nc6 Qd6 25. Nxe5 Qxe5 26. Nd3 Qd6 27. Nc5 Nd7
28. Qd4 Ne5 29. f4 Nc6 30. Qd3 Ne7 31. e4 d4 32. Rfd1 Rfd8 33. Nb7 Qb6 34. Nxd8
Rxd8 35. Kh2 h5 36. Rc5 h4 37. gxh4 Qd6 38. Qg3 f5 39. e5 Qd7 40. Rg1 d3 41.
Bc6 Nxc6 42. Rxc6 1-0

[Event "Tradewise Gibraltar Masters 16th"]
[Site "Gibraltar"]
[Date "2018.01.26"]
[Round "4.63"]
[White "Garcia Martin, Marta"]
[Black "Kosteniuk, Alexandra"]
[Result "0-1"]
[WhiteElo "2323"]
[BlackElo "2561"]
[PlyCount "106"]
[EventDate "2018.01.23"]
[EventType "swiss"]
[EventRounds "10"]
[EventCountry "GGB"]
[SourceTitle "BritBase"]
[Source "www.saund.co.uk"]
[SourceDate "2018.02.10"]
[SourceVersion "1"]
[SourceVersionDate "2018.02.10"]
[SourceQuality "1"]

1. e4 e5 2. Nf3 Nc6 3. Bc4 Bc5 4. c3 Nf6 5. d3 d6 6. Nbd2 a5 7. O-O O-O 8. h3
Be6 9. Re1 a4 10. Bb5 Qb8 11. Nf1 Ra5 12. Bc4 Qa7 13. Qc2 b5 14. Bxe6 fxe6 15.
Be3 b4 16. Rab1 Rb8 17. d4 exd4 18. cxd4 Nxd4 19. Nxd4 Bxd4 20. Bxd4 Qxd4 21.
Qxc7 Qb6 22. Qc4 Re5 23. Nd2 Re8 24. Qd3 d5 25. exd5 Rxd5 26. Qe2 Nh5 27. Ne4
Nf4 28. Qe3 Qxe3 29. Rxe3 Rc8 30. a3 Rd4 31. axb4 Rxb4 32. Ng5 Rc2 33. Re4 Rxe4
34. Nxe4 Nd3 35. Ra1 Rc4 36. Nd2 Rb4 37. Kf1 Nxb2 38. Ke2 Nc4 39. Nxc4 Rxc4 40.
Kd3 Rf4 41. Ke3 Rb4 42. Rc1 Rb8 43. Ra1 Ra8 44. Ra3 Kf7 45. Kd4 Kf6 46. Kc5 e5
47. g3 Ke6 48. f3 g5 49. Kb5 h5 50. Kc5 Rc8+ 51. Kb5 Rb8+ 52. Kc5 Rb3 53. Rxa4
Rc3+ 0-1

[Event "Tradewise Gibraltar Masters 16th"]
[Site "Gibraltar"]
[Date "2018.01.26"]
[Round "4.64"]
[White "Vasquez Schroeder, Rodrigo"]
[Black "Gara, Ticia"]
[Result "1-0"]
[WhiteElo "2554"]
[BlackElo "2331"]
[PlyCount "159"]
[EventDate "2018.01.23"]
[EventType "swiss"]
[EventRounds "10"]
[EventCountry "GGB"]
[SourceTitle "BritBase"]
[Source "www.saund.co.uk"]
[SourceDate "2018.02.10"]
[SourceVersion "1"]
[SourceVersionDate "2018.02.10"]
[SourceQuality "1"]

1. d4 Nf6 2. c4 e6 3. Nf3 b6 4. a3 Bb7 5. Nc3 d5 6. Bg5 Nbd7 7. cxd5 exd5 8. e3
a6 9. Rc1 Bd6 10. Bd3 O-O 11. Bf5 Be7 12. O-O h6 13. Bh4 g6 14. Bxd7 Nxd7 15.
Bxe7 Qxe7 16. b4 b5 17. Ne1 Nb6 18. Nd3 Nc4 19. Nc5 c6 20. a4 bxa4 21. Qxa4 a5
22. Rfe1 axb4 23. Qxb4 Rfb8 24. Rb1 Na3 25. Rb2 Nc4 26. Rb3 Na5 27. Rbb1 Qc7
28. Ra1 Bc8 29. Qa3 Ra7 30. Ra2 Rba8 31. Rea1 Kg7 32. h3 h5 33. h4 Bf5 34. e4
dxe4 35. N3xe4 Qe7 36. Ng3 Be6 37. Nxe6+ Qxe6 38. Qc3 Qd5 39. Qc5 Qd8 40. Qc3
Kh7 41. Nf1 Qb6 42. Ne3 Ra6 43. d5 c5 44. Rc1 Qb3 45. Rb2 Qxc3 46. Rxc3 c4 47.
g3 Kg7 48. Kg2 Kf6 49. Kf3 Ke5 50. Ra3 Nc6 51. Rc3 Nd4+ 52. Kg2 Rd8 53. Rd2 Nf5
54. Nxc4+ Kf6 55. Rb3 Nd6 56. Rf3+ Kg7 57. Ne5 Nf5 58. Rfd3 Kf6 59. Nf3 Nd6 60.
Ng5 Ra4 61. Rc2 Rd7 62. Rc6 Ke5 63. Rb6 Kf6 64. Re3 Kg7 65. Ne6+ fxe6 66. dxe6
Nc4 67. exd7 Nxe3+ 68. fxe3 Ra2+ 69. Kf3 Rd2 70. Rb7 Kf6 71. Kf4 Rf2+ 72. Ke4
Rd2 73. Ra7 Rd1 74. Kf3 Rd2 75. e4 Rd1 76. Ke3 Ke7 77. Kf4 Rd3 78. Ra6 Kf7 79.
e5 Ke7 80. Rd6 1-0

[Event "Tradewise Gibraltar Masters 16th"]
[Site "Gibraltar"]
[Date "2018.01.26"]
[Round "4.65"]
[White "Rapport, Jovana"]
[Black "Santos Ruiz, Miguel"]
[Result "1/2-1/2"]
[WhiteElo "2305"]
[BlackElo "2510"]
[PlyCount "61"]
[EventDate "2018.01.23"]
[EventType "swiss"]
[EventRounds "10"]
[EventCountry "GGB"]
[SourceTitle "BritBase"]
[Source "www.saund.co.uk"]
[SourceDate "2018.02.10"]
[SourceVersion "1"]
[SourceVersionDate "2018.02.10"]
[SourceQuality "1"]

1. d4 Nf6 2. Nf3 d5 3. c4 e6 4. Bg5 dxc4 5. Qa4+ Nbd7 6. Qxc4 a6 7. Nbd2 c5 8.
dxc5 Bxc5 9. e3 h6 10. Bxf6 Qxf6 11. Bd3 Qxb2 12. Rb1 Qf6 13. Ne4 Qe7 14. O-O
b5 15. Qc3 O-O 16. a4 b4 17. Qb2 a5 18. Ne5 Nxe5 19. Qxe5 Bb6 20. Nd6 Bc7 21.
Qe4 g6 22. Nxf7 Qxf7 23. Qxa8 Bb7 24. Qa7 Bxg2 25. Kxg2 Qf3+ 26. Kg1 Qg4+ 27.
Kh1 Qf3+ 28. Kg1 Bxh2+ 29. Kxh2 Qh5+ 30. Kg1 Qg4+ 31. Kh2 1/2-1/2

[Event "Tradewise Gibraltar Masters 16th"]
[Site "Gibraltar"]
[Date "2018.01.26"]
[Round "4.66"]
[White "Blomqvist, Erik"]
[Black "Horvath, Dominik"]
[Result "1-0"]
[WhiteElo "2502"]
[BlackElo "2329"]
[PlyCount "121"]
[EventDate "2018.01.23"]
[EventType "swiss"]
[EventRounds "10"]
[EventCountry "GGB"]
[SourceTitle "BritBase"]
[Source "www.saund.co.uk"]
[SourceDate "2018.02.10"]
[SourceVersion "1"]
[SourceVersionDate "2018.02.10"]
[SourceQuality "1"]

1. e4 e5 2. Nf3 Nc6 3. Bb5 a6 4. Ba4 Nf6 5. d3 b5 6. Bb3 Be7 7. a4 Rb8 8. axb5
axb5 9. O-O O-O 10. Re1 d6 11. c3 Re8 12. Nbd2 Bf8 13. Ng5 Re7 14. Nf1 h6 15.
Nf3 Be6 16. Bc2 d5 17. exd5 Qxd5 18. b4 g6 19. N3d2 Qd8 20. Qf3 Nd5 21. Ne4 f5
22. Nc5 Bf7 23. Bb3 Bg7 24. Ne3 e4 25. dxe4 Nxc3 26. Bxf7+ Rxf7 27. exf5 Nd4
28. Qh3 gxf5 29. Kf1 f4 30. Ng4 Qg5 31. Bb2 h5 32. Ne5 Bxe5 33. Bxc3 f3 34. g3
Ne2 35. Bxe5 Qxe5 36. Ra3 Qd5 37. Rd3 Qc4 38. Qxh5 Re8 39. Qg6+ Kh8 40. Qh5+
Kg8 41. Red1 Kg7 42. h4 c6 43. Qg5+ Kh7 44. Rd6 Nxg3+ 45. Kg1 Rg7 46. Rd7 Nf5
47. Rxg7+ Nxg7 48. Nd7 Re6 49. Nf8+ Kg8 50. Nxe6 Qxe6 51. Qg3 Qf5 52. Kh2 Kh7
53. Rd4 Nh5 54. Qc7+ Kg6 55. Qxc6+ Nf6 56. Qd6 Kh7 57. Rf4 Qg6 58. Qe7+ Kg8 59.
Qe6+ Kh7 60. Qh3 Ne4 61. Qxf3 1-0

[Event "Tradewise Gibraltar Masters 16th"]
[Site "Gibraltar"]
[Date "2018.01.26"]
[Round "4.67"]
[White "Merario Alarcon, Andres"]
[Black "Bellahcene, Bilel"]
[Result "1/2-1/2"]
[WhiteElo "2298"]
[BlackElo "2494"]
[PlyCount "95"]
[EventDate "2018.01.23"]
[EventType "swiss"]
[EventRounds "10"]
[EventCountry "GGB"]
[SourceTitle "BritBase"]
[Source "www.saund.co.uk"]
[SourceDate "2018.02.10"]
[SourceVersion "1"]
[SourceVersionDate "2018.02.10"]
[SourceQuality "1"]

1. d4 Nf6 2. c4 e6 3. Nf3 Bb4+ 4. Nbd2 b6 5. a3 Bxd2+ 6. Qxd2 Bb7 7. e3 Qe7 8.
Be2 g5 9. d5 g4 10. Nd4 exd5 11. cxd5 Qe5 12. b4 Qxd5 13. Bb2 Na6 14. Qc2 Rg8
15. O-O-O Qg5 16. Qa4 Nb8 17. Kb1 a5 18. b5 Ne4 19. Rhf1 Nc5 20. Qc4 d6 21. f3
Nbd7 22. e4 gxf3 23. gxf3 d5 24. Qc2 Qg6 25. Nc6 dxe4 26. Rg1 Qxg1 27. Rxg1
Rxg1+ 28. Ka2 Rg6 29. Qc3 Rxc6 30. bxc6 Bxc6 31. Qh8+ Nf8 32. Qe5+ Nfe6 33.
Qh8+ Kd7 34. Qxh7 Bd5+ 35. Kb1 Rf8 36. Qf5 c6 37. h4 f6 38. h5 Rg8 39. h6 Rg1+
40. Kc2 Rg2 41. Kd1 exf3 42. Bxf3 Rxb2 43. Bxd5 cxd5 44. Qxf6 Rh2 45. Qf7+ Kc6
46. h7 Rh1+ 47. Ke2 Rh2+ 48. Kd1 1/2-1/2

[Event "Tradewise Gibraltar Masters 16th"]
[Site "Gibraltar"]
[Date "2018.01.26"]
[Round "4.68"]
[White "Goryachkina, Aleksandra"]
[Black "Sadhwani, Raunak"]
[Result "1/2-1/2"]
[WhiteElo "2493"]
[BlackElo "2321"]
[PlyCount "93"]
[EventDate "2018.01.23"]
[EventType "swiss"]
[EventRounds "10"]
[EventCountry "GGB"]
[SourceTitle "BritBase"]
[Source "www.saund.co.uk"]
[SourceDate "2018.02.10"]
[SourceVersion "1"]
[SourceVersionDate "2018.02.10"]
[SourceQuality "1"]

1. d4 Nf6 2. c4 e6 3. g3 d5 4. Bg2 Be7 5. Nf3 O-O 6. O-O dxc4 7. Ne5 Nc6 8.
Bxc6 bxc6 9. Nxc6 Qe8 10. Nxe7+ Qxe7 11. Na3 c5 12. dxc5 Qxc5 13. Be3 Qb4 14.
Qc2 Ba6 15. Bd4 Nd5 16. Nb1 Qb7 17. Nc3 Nxc3 18. Bxc3 Rfd8 19. Rad1 Qc6 20.
Rxd8+ Rxd8 21. Rd1 Rxd1+ 22. Qxd1 f6 23. Qd4 Bb7 24. f3 Qb6 25. Kf1 Qxd4 26.
Bxd4 a6 27. Ke1 e5 28. Bc5 Kf7 29. Kd2 Ke6 30. Kc3 f5 31. Kxc4 Bd5+ 32. Kc3 f4
33. b3 g5 34. Kb4 Bc6 35. Kc3 e4 36. fxe4 Bxe4 37. Bb6 f3 38. exf3 Bxf3 39. Kb4
Be4 40. Ka5 Bd3 41. Be3 g4 42. Kb6 h5 43. a4 Kd7 44. b4 Be2 45. Kb7 Bd3 46. Bc5
Be2 47. Bd4 1/2-1/2

[Event "Tradewise Gibraltar Masters 16th"]
[Site "Gibraltar"]
[Date "2018.01.26"]
[Round "4.69"]
[White "Khotenashvili, Bela"]
[Black "Lopez Mulet, Inigo"]
[Result "1-0"]
[WhiteElo "2486"]
[BlackElo "2318"]
[PlyCount "75"]
[EventDate "2018.01.23"]
[EventType "swiss"]
[EventRounds "10"]
[EventCountry "GGB"]
[SourceTitle "BritBase"]
[Source "www.saund.co.uk"]
[SourceDate "2018.02.10"]
[SourceVersion "1"]
[SourceVersionDate "2018.02.10"]
[SourceQuality "1"]

1. d4 Nf6 2. Nf3 d5 3. g3 e6 4. Bg2 Be7 5. O-O O-O 6. c4 dxc4 7. Ne5 Nc6 8.
Nxc6 bxc6 9. a4 Nd5 10. Nc3 Rb8 11. a5 Ba6 12. Qa4 Rb4 13. Qc2 Rb3 14. Rd1 Qb8
15. h4 Rd8 16. Bf3 c5 17. dxc5 Bxc5 18. Ne4 Be7 19. Ng5 Nf6 20. Rxd8+ Bxd8 21.
h5 Be7 22. h6 g6 23. Ne4 Nxe4 24. Qxe4 Bf6 25. Kg2 Rb4 26. Qe3 Bb7 27. a6 Bd5
28. Qf4 Bh8 29. Qg5 c6 30. Ra3 f5 31. Qe7 Rb6 32. Be3 Bxb2 33. Bxb6 axb6 34. a7
Qa8 35. Bxd5 cxd5 36. Qc7 d4+ 37. f3 Bxa3 38. Qg7# 1-0

[Event "Tradewise Gibraltar Masters 16th"]
[Site "Gibraltar"]
[Date "2018.01.26"]
[Round "4.70"]
[White "De Francesco, Klaus"]
[Black "Suarez Gomez, Julio"]
[Result "1-0"]
[WhiteElo "2287"]
[BlackElo "2486"]
[PlyCount "69"]
[EventDate "2018.01.23"]
[EventType "swiss"]
[EventRounds "10"]
[EventCountry "GGB"]
[SourceTitle "BritBase"]
[Source "www.saund.co.uk"]
[SourceDate "2018.02.10"]
[SourceVersion "1"]
[SourceVersionDate "2018.02.10"]
[SourceQuality "1"]

1. d4 d5 2. Nf3 e6 3. e3 Nf6 4. Bd3 b6 5. O-O Bb7 6. Ne5 Bd6 7. f4 Nbd7 8. Nd2
O-O 9. Qf3 c5 10. c3 Qc8 11. g4 Ba6 12. Bxa6 Qxa6 13. g5 Bxe5 14. fxe5 Ne8 15.
c4 cxd4 16. exd4 Nc7 17. b3 Qa5 18. Rf2 Rad8 19. a4 dxc4 20. bxc4 b5 21. cxb5
Nxb5 22. Nb3 Qe1+ 23. Rf1 Nxd4 24. Nxd4 Qxe5 25. Qe3 Qd5 26. Ba3 Rfe8 27. Nb5
Qc6 28. Rac1 Qb6 29. Qxb6 Nxb6 30. Nc7 Rd3 31. Nxe8 Rxa3 32. Rc7 Rxa4 33. Rcxf7
Rg4+ 34. Kh1 Rxg5 35. Rf8# 1-0

[Event "Tradewise Gibraltar Masters 16th"]
[Site "Gibraltar"]
[Date "2018.01.26"]
[Round "4.71"]
[White "Heinemann, Josefine"]
[Black "Zanan, Evgeny"]
[Result "0-1"]
[WhiteElo "2270"]
[BlackElo "2482"]
[PlyCount "62"]
[EventDate "2018.01.23"]
[EventType "swiss"]
[EventRounds "10"]
[EventCountry "GGB"]
[SourceTitle "BritBase"]
[Source "www.saund.co.uk"]
[SourceDate "2018.02.10"]
[SourceVersion "1"]
[SourceVersionDate "2018.02.10"]
[SourceQuality "1"]

1. e4 c5 2. Nf3 e6 3. d4 cxd4 4. Nxd4 Nc6 5. Nc3 Qc7 6. Be3 a6 7. Qf3 Ne5 8.
Qg3 b5 9. O-O-O Nf6 10. f4 Neg4 11. e5 Nxe3 12. Qxe3 b4 13. Ncb5 axb5 14. Nxb5
Qc6 15. exf6 gxf6 16. Qd4 Be7 17. Na7 Qc7 18. Nxc8 Rxc8 19. Bd3 Qc5 20. Qxc5
Rxc5 21. g4 Bd6 22. Rdf1 h5 23. f5 hxg4 24. Rhg1 Rh4 25. fxe6 dxe6 26. Rxf6
Bxh2 27. Rgf1 g3 28. Rxf7 g2 29. Rf8+ Ke7 30. R1f7+ Kd6 31. Rd8+ Ke5 0-1

[Event "Tradewise Gibraltar Masters 16th"]
[Site "Gibraltar"]
[Date "2018.01.26"]
[Round "4.72"]
[White "Almagro Llamas, Pablo"]
[Black "Bliumberg, Vladislav"]
[Result "1-0"]
[WhiteElo "2479"]
[BlackElo "2276"]
[PlyCount "87"]
[EventDate "2018.01.23"]
[EventType "swiss"]
[EventRounds "10"]
[EventCountry "GGB"]
[SourceTitle "BritBase"]
[Source "www.saund.co.uk"]
[SourceDate "2018.02.10"]
[SourceVersion "1"]
[SourceVersionDate "2018.02.10"]
[SourceQuality "1"]

1. d4 d5 2. c4 e6 3. Nc3 f5 4. Bf4 Nf6 5. e3 Be7 6. cxd5 exd5 7. Bd3 c6 8. Qc2
g6 9. Nge2 Nbd7 10. h3 Nf8 11. f3 Be6 12. g4 fxg4 13. hxg4 Bd6 14. O-O-O Bxf4
15. Nxf4 Bf7 16. Nxg6 Nxg6 17. Bxg6 Bxg6 18. Qxg6+ hxg6 19. Rxh8+ Kf7 20. Rxd8
Rxd8 21. Rh1 Kg7 22. Kd2 Nh7 23. Ke2 Ng5 24. Nb1 Re8 25. Nd2 Ne6 26. Kf2 Ng5
27. f4 Ne4+ 28. Nxe4 Rxe4 29. Kf3 Re7 30. Rc1 Re8 31. b4 a6 32. a4 Rh8 33. b5
Rh3+ 34. Kf2 Rh2+ 35. Kg3 Ra2 36. bxc6 bxc6 37. Rxc6 Rxa4 38. Kh4 Kh6 39. f5
Ra1 40. Rxg6+ Kh7 41. Kg5 a5 42. f6 a4 43. Rg7+ Kh8 44. Ra7 1-0

[Event "Tradewise Gibraltar Masters 16th"]
[Site "Gibraltar"]
[Date "2018.01.26"]
[Round "4.73"]
[White "Lercel, Michal"]
[Black "Kobo, Ori"]
[Result "0-1"]
[WhiteElo "2252"]
[BlackElo "2477"]
[PlyCount "42"]
[EventDate "2018.01.23"]
[EventType "swiss"]
[EventRounds "10"]
[EventCountry "GGB"]
[SourceTitle "BritBase"]
[Source "www.saund.co.uk"]
[SourceDate "2018.02.10"]
[SourceVersion "1"]
[SourceVersionDate "2018.02.10"]
[SourceQuality "1"]

1. Nf3 d5 2. c4 d4 3. b4 Bg4 4. Qb3 Nf6 5. g3 a5 6. Bg2 axb4 7. Qxb4 Bc8 8. Ne5
Nbd7 9. f4 e6 10. Qb3 Nxe5 11. fxe5 Nd7 12. O-O c6 13. Ba3 Bxa3 14. Nxa3 Qa5
15. Nc2 Qxd2 16. Rad1 Qa5 17. e3 dxe3 18. Nxe3 Nxe5 19. Rf2 O-O 20. Rfd2 Qc5
21. a4 Ng4 0-1

[Event "Tradewise Gibraltar Masters 16th"]
[Site "Gibraltar"]
[Date "2018.01.26"]
[Round "4.74"]
[White "Docx, Stefan"]
[Black "Mohota, Nisha"]
[Result "1/2-1/2"]
[WhiteElo "2442"]
[BlackElo "2269"]
[PlyCount "88"]
[EventDate "2018.01.23"]
[EventType "swiss"]
[EventRounds "10"]
[EventCountry "GGB"]
[SourceTitle "BritBase"]
[Source "www.saund.co.uk"]
[SourceDate "2018.02.10"]
[SourceVersion "1"]
[SourceVersionDate "2018.02.10"]
[SourceQuality "1"]

1. c4 e5 2. Nc3 Nf6 3. Nf3 Nc6 4. e3 Bb4 5. Qc2 Bxc3 6. Qxc3 Qe7 7. Be2 d6 8.
d3 a5 9. O-O O-O 10. b3 b6 11. Bb2 Re8 12. a3 Bb7 13. Rfe1 e4 14. Nd2 exd3 15.
Bxd3 Ne5 16. Bf5 Qf8 17. Rad1 Ng6 18. f3 Nh4 19. Bh3 Bc8 20. Bxc8 Raxc8 21. e4
Nd7 22. Nf1 Ng6 23. Ne3 Nf4 24. Qc2 f6 25. b4 axb4 26. axb4 Ne5 27. Nd5 Nxd5
28. cxd5 c5 29. dxc6 Rxc6 30. Qe2 Rec8 31. b5 Rc2 32. Rd2 Rxd2 33. Qxd2 Rc5 34.
Qe2 Qc8 35. Bd4 Rc2 36. Qf1 Qc7 37. h3 h6 38. Rd1 Kf8 39. Bf2 Ke7 40. Ra1 Nd7
41. Qd1 Qc3 42. h4 Qb2 43. Rb1 Qa2 44. Ra1 Qb2 1/2-1/2

[Event "Tradewise Gibraltar Masters 16th"]
[Site "Gibraltar"]
[Date "2018.01.26"]
[Round "4.75"]
[White "Gavrilescu, David"]
[Black "Gavilan Diaz, Mario"]
[Result "1-0"]
[WhiteElo "2437"]
[BlackElo "2251"]
[PlyCount "69"]
[EventDate "2018.01.23"]
[EventType "swiss"]
[EventRounds "10"]
[EventCountry "GGB"]
[SourceTitle "BritBase"]
[Source "www.saund.co.uk"]
[SourceDate "2018.02.10"]
[SourceVersion "1"]
[SourceVersionDate "2018.02.10"]
[SourceQuality "1"]

1. e4 c5 2. Nf3 d6 3. Bb5+ Nd7 4. d4 cxd4 5. Qxd4 a6 6. Be2 e5 7. Qe3 Ngf6 8.
c4 b5 9. cxb5 d5 10. exd5 Bc5 11. Qb3 e4 12. Nfd2 O-O 13. O-O Re8 14. Nc3 axb5
15. Bxb5 Rb8 16. Nc4 Qc7 17. d6 Bxd6 18. Nxd6 Qxd6 19. Qd1 Qe5 20. a4 h5 21.
Qd2 Rb6 22. Qf4 Qe6 23. Be3 Rd6 24. Rad1 Rxd1 25. Rxd1 Rf8 26. Qc7 Qf5 27. h3
h4 28. a5 g5 29. a6 g4 30. a7 gxh3 31. a8=Q Ne5 32. Rd8 hxg2 33. Rxf8+ Kg7 34.
Rxf7+ Nxf7 35. Qaxc8 1-0